Top Ten Countries with Most Amount of HIV Infections - Statistics

General Stats
  • This quiz has been taken 1,060 times
  • The average score is 7 of 10
Answer Stats
Hint Answer % Correct
5,600,000 South Africa
90%
3,300,000 Nigeria
83%
1,200,000 United States of America
82%
1,500,000 Kenya
74%
1,200,000 Zimbabwe
70%
2,400,000 India
69%
1,400,000 Tanzania
69%
1,400,000 Mozambique
67%
1,200,000 Uganda
63%
980,000 Russia
58%
No matching quizzes found
Score Distribution
Percent of People with Each Score
Percentile by Number Answered
Your Score History
You have not taken this quiz